000 00664nam a2200241 i 4500
001 C2-0099091
003 PPAK
005 20180727094551.0
008 970524s1990 my a|||| ||||| | may d
020 _a9836202471
040 _aPPAK
_beng
_cPPAK
_erda
082 0 4 _a923.5595
_223
090 0 0 _a923.5595
_bISM
_dG
100 0 _aIsmail Babu,
_eauthor
245 1 0 _aKisah seorang perajurit
264 1 _aKuala Lumpur :
_bDewan Bahasa dan Pustaka ,
_c1990
300 _avii, 172 pages :
_billustrations ;
_c22 cm
336 _2rdacontent
_atext
337 _2rdamedia
_aunmediated
338 _2rdacarrier
_avolume
650 1 0 _aAutobiography
942 _ddc
_cB
999 _c21952
_d21952